Springboard: Teacher's book; T2

The book provides comprehensive suggestions for the most effective ways of presenting and exploiting the activities in the Student Book. The step-by-step notes provides both novice and experienced teachers practical guidance for classroom teaching. It also offers suggestions for working with large a...

Celý popis

Uloženo v:
Podrobná bibliografie
Hlavní autor: Jack C Richards
Médium: Kniha
Jazyk:Undetermined
Vydáno: New York Oxford Univ. Press 1997
Témata:
Tagy: Přidat tag
Žádné tagy, Buďte první, kdo otaguje tento záznam!
Thư viện lưu trữ: Trung tâm Học liệu Trường Đại học Cần Thơ
LEADER 01069nam a2200205Ia 4500
001 CTU_37646
008 210402s9999 xx 000 0 und d
020 |b 80.000đ 
082 |a 428.34 
082 |b R516t/T2 
100 |a Jack C Richards 
245 0 |a Springboard: Teacher's book; T2 
245 0 |c Jack C Richards 
260 |a New York 
260 |b Oxford Univ. Press 
260 |c 1997 
520 |a The book provides comprehensive suggestions for the most effective ways of presenting and exploiting the activities in the Student Book. The step-by-step notes provides both novice and experienced teachers practical guidance for classroom teaching. It also offers suggestions for working with large and mixed ability classes and on how best to exploit the Project File and Glossary. 
650 |a english language - listening english - problems, exercises, etc,english language - spoken english - problems, exercises, etc,english language - textbooks for foreign speakers 
904 |i Minh, 000808 
980 |a Trung tâm Học liệu Trường Đại học Cần Thơ